USMLE : Step 2 CS Core Cases (Record no. 402)

000 -LEADER
fixed length control field 00840nam a22002777a 4500
005 - DATE AND TIME OF LATEST TRANSACTION
control field 20210419122558.0
008 - FIXED-LENGTH DATA ELEMENTS--GENERAL INFORMATION
fixed length control field 201106s2013 ||||| |||| 00| 0 eng d
020 ## - INTERNATIONAL STANDARD BOOK NUMBER
International Standard Book Number 9781609788896
040 ## - CATALOGING SOURCE
Original cataloging agency eng
Transcribing agency DLC
041 ## - LANGUAGE CODE
Language code of text/sound track or separate title eng
080 ## - UNIVERSAL DECIMAL CLASSIFICATION NUMBER
Universal Decimal Classification number 61
Item number K-20
100 ## - MAIN ENTRY--PERSONAL NAME
9 (RLIN) 4
Personal name Kaplan
245 ## - TITLE STATEMENT
Title USMLE : Step 2 CS Core Cases
Statement of responsibility, etc. / by Kaplan ; Eidted by Philip Brottman
250 ## - EDITION STATEMENT
Edition statement Third Edition.
260 ## - PUBLICATION, DISTRIBUTION, ETC.
Place of publication, distribution, etc. New York :
Name of publisher, distributor, etc. Kaplan Publishing,
Date of publication, distribution, etc. 2013
300 ## - PHYSICAL DESCRIPTION
Extent 396 pages
365 ## - TRADE PRICE
Price amount 34.80 usd
650 #0 - SUBJECT ADDED ENTRY--TOPICAL TERM
9 (RLIN) 69
Topical term or geographic name entry element Medicine
650 #0 - SUBJECT ADDED ENTRY--TOPICAL TERM
9 (RLIN) 88
Topical term or geographic name entry element Clinical Medicine
650 #0 - SUBJECT ADDED ENTRY--TOPICAL TERM
9 (RLIN) 87
Topical term or geographic name entry element USMLE Step 2 CS
653 ## - INDEX TERM--UNCONTROLLED
Uncontrolled term მედიცინა
653 ## - INDEX TERM--UNCONTROLLED
Uncontrolled term პაციენტის შემთხვევები
653 ## - INDEX TERM--UNCONTROLLED
Uncontrolled term კლინიკური მედიცინა
700 ## - ADDED ENTRY--PERSONAL NAME
9 (RLIN) 303
Personal name Brottman, Phillip
942 ## - ADDED ENTRY ELEMENTS (KOHA)
Source of classification or shelving scheme
Koha item type Books
Edition 3
Holdings
Withdrawn status Lost status Source of classification or shelving scheme Damaged status Not for loan Permanent location Current location Date acquired Inventory number Total Checkouts Full call number Barcode Date last seen Price effective from Koha item type
          Ken Walker International University Ken Walker International University 11/24/2020 2055   61 K-20 2055 11/24/2020 11/24/2020 Books
          Ken Walker International University Ken Walker International University 11/26/2020 365   61 K-20 365 11/26/2020 11/26/2020 Books

Powered by Koha